| 000 | 00542nam a22001577a 4500 | ||
|---|---|---|---|
| 003 | OSt | ||
| 005 | 20251105034720.0 | ||
| 008 | 251105b |||||||| |||| 00| 0 eng d | ||
| 040 |
_aDWCL-Maib lib _cOC |
||
| 082 | _aCirc. 917.304 Y67 2007 | ||
| 245 |
_aIf you want to study in the United States : _bshort-term study, English language programs, distance education and accreditation |
||
| 260 |
_aUSA : _bUS Department of State, _cc2007. |
||
| 300 |
_a87 pages ; _c21 cm. |
||
| 650 | _21. United States-Guidebooks. | ||
| 942 |
_2ddc _cBK-CIRC _kCirc. _n0 |
||
| 999 |
_c5475 _d5475 |
||